| 000 | 01052naa a22002777a 4500 | ||
|---|---|---|---|
| 001 | BR7702140 | ||
| 003 | BR-BrBNA | ||
| 005 | 20240918173935.0 | ||
| 007 | ta | ||
| 008 | 230509b bl.||||| |||| 00| 0 por d | ||
| 040 |
_aBR-BrBNA _bpor _cBiblioteca Nacional de Agricultura |
||
| 041 | _a(Pt) | ||
| 072 |
_aQ10 _b9190 _b1126 _bG514 |
||
| 090 | _aQ10 BR7702140 | ||
| 100 | 1 | _aFreitas, C.P. de | |
| 245 | 1 | _aClarificacao do vinagre de abacaxi [Ananas camosus; Brasil] | |
| 260 | 3 |
_aRecife, PE (Brasil): _c1977. |
|
| 500 | _aPrograma de pesquisas analiticas e tecnologicas de produtos agropecuarios nos estados de Pernambuco e Paraiba Recife, PE (Brasil): 1977. p. 79-85 (BR7702140-AM)Q10 | ||
| 650 | _aTecnologia de alimento | ||
| 650 | _aVinagre | ||
| 650 | _aAbacaxi | ||
| 650 | _aClassificacao | ||
| 773 | 0 |
_tPrograma de pesquisas analiticas e tecnologicas de produtos agropecuarios nos estados de Pernambuco e Paraiba _b _wQ10 BR7702140 _gRecife, PE (Brasil), 1977. p. 79-85 |
|
| 909 |
_a202404 _bLucia _c55 _dLucia Elande |
||
| 942 |
_cAM _2AGRIS |
||
| 999 |
_c307838 _d307838 |
||